| 000 | 00744nam a2200229 a 4500 | ||
|---|---|---|---|
| 001 | 3056007 | ||
| 005 | 20171215072907.0 | ||
| 008 | 960620s1997 maua 000 0 eng | ||
| 010 | _a 96076927 | ||
| 020 | _a0395745594 | ||
| 020 | _a0395745578 (student's ed.) | ||
| 040 |
_aDLC _cDLC |
||
| 041 | _aeng | ||
| 080 | _a438.2421 LOV | ||
| 082 | 0 | 0 |
_a438.2421 LOV _221 |
| 100 | 1 | _a46 | |
| 101 | _aEDU | ||
| 245 | 1 | 0 |
_aVorsprung : _cThomas A. Lovik, J. Douglas Guy, Monika Chavez. |
| 906 |
_a7 _bcbc _corignew _d2 _eopcn _f19 _gy-gencatlg |
||
| 942 |
_2ddc _cBK |
||
| 999 |
_c39009 _d39009 |
||